Vista normal
Vista MARC
Entrada Personal Name
Número de registros utilizados en: 2
001 - CONTROL NUMBER
- control field: 5496
003 - CONTROL NUMBER IDENTIFIER
- control field: OSt
005 - DATE AND TIME OF LATEST TRANSACTION
- control field: 20200611105943.0
008 - FIXED-LENGTH DATA ELEMENTS
- fixed length control field: 200611|| aca||aabn | a|a d
040 ## - CATALOGING SOURCE
- Original cataloging agency: OSt
- Transcribing agency: OSt
100 ## - HEADING--PERSONAL NAME
- Personal name: Herrera, Beethoven,
670 ## - SOURCE DATA FOUND
- Source citation: Work cat.: (OSt)5350: Pulecio, Jorge, autor 5492, Economía para todos / , 1995